Geevana Sangeetham (Record no. 35704)

MARC details
000 -LEADER
fixed length control field 00442nam a2200145Ia 4500
008 - FIXED-LENGTH DATA ELEMENTS--GENERAL INFORMATION
fixed length control field 211109s9999||||xx |||||||||||||| ||und||
082 ## - DEWEY DECIMAL CLASSIFICATION NUMBER
Classification number 494.8125
Item number SAN-G
100 ## - MAIN ENTRY--PERSONAL NAME
Personal name G, Sankara Kurup
245 #0 - TITLE STATEMENT
Title Geevana Sangeetham
260 ## - PUBLICATION, DISTRIBUTION, ETC.
Name of publisher, distributor, etc. SAHITHYA PRVARTHAKA SANGHAM
Place of publication, distribution, etc. Kottayam
Date of publication, distribution, etc. 1900
300 ## - PHYSICAL DESCRIPTION
Extent 188p
630 ## - SUBJECT ADDED ENTRY--UNIFORM TITLE
General subdivision General Stack
650 ## - SUBJECT ADDED ENTRY--TOPICAL TERM
Topical term or geographic name entry element Malayalam language
942 ## - ADDED ENTRY ELEMENTS (KOHA)
Koha item type BOOK
650 ## - SUBJECT ADDED ENTRY--TOPICAL TERM
Form subdivision GrammarLanguageAltaic, Uralic, Hyperborean & Dravidian
General subdivision Malayalam
Holdings
Withdrawn status Lost status Damaged status Not for loan Home library Current library Date acquired Cost, normal purchase price Total Checkouts Full call number Barcode Shelving location Date last seen Price effective from Koha item type
        SB LIBRARY SB LIBRARY 09/11/2021 10.00   494.8125 SAN-G 00037047 GENERAL STACK 09/11/2021 09/11/2021 BOOK

Powered by Koha